Statistics for Multiple Choice Grammar Quiz

Click here to take the quiz!

General Stats

  • This quiz has been taken 15,297 times
  • The average score is 13 of 16

Answer Stats

QuestionAnswer% Correct
Which sentence is correct?Adam had more money than Steve.
98%
Which sentence is correct?He could have done it.
96%
Which sentence is correct?I went to the beach on Saturday.
92%
Which sentence is correct?He had gone to the library.
91%
Which sentence is correct?I love JetPunk a lot.
90%
Which sentence is correct?Who is going to the party?
90%
Which sentence is correct?Regardless of its location, Cyprus is in the EU.
89%
Which sentence is correct?Social media affects the teenage brain.
88%
Which sentence is correct?The dog hurt its leg.
86%
Which sentence is correct?Belgium lies between France and the Netherlands.
85%
Which sentence is correct?The movie was based on a book.
77%
Which sentence is correct?A judge should strive to be disinterested.
69%
Which sentence is correct?She and he went to the store.
68%
Which sentence is correct?Japanese cars, e.g. Toyota, tend to be very reliable.
66%
Which sentence is correct?Sarah has fewer than 10 cars in her garage.
60%
Which sentence is correct?Lunch made me feel nauseated.
30%

Score Distribution

Percentile by Number Answered

Percent of People with Each Score

Your Score History

You have not taken this quiz